000 01462cam a22003611| 4500
001 10270798
003 OSt
005 20230629134711.0
008 870917m19869999enk l eng
010 _a 55056442
_z 2015514782
035 _a(OCoLC)16703699
040 _aDLC
_cLU-L
_dLU-L
_dDLC
043 _ae-uk---
050 0 0 _aKD173
_b.H3 1986
082 _a347
_bHSI
110 1 _aGreat Britain.
240 1 0 _aLaws, etc. (Halsbury's statutory instruments : 1986- )
245 1 0 _aHalsbury's statutory instruments,
_bbeing a companion work to Halsbury's statutes of England /
_cprepared by by Butterworths legal editorial staff.
260 _aLondon :
_bButterworths ;
_aSt. Paul, Minn. :
_bButterworth Legal Publishers,
_c1986-
300 _av.
_c26 cm.
500 _a"Grey volume."
500 _aSet includes Halsbury's statutory instruments citator (2001-)
525 _aKept up to date by loose-leaf supplements entitled: Halsbury's statutory instruments service; and recompiled vols.
650 0 _aDelegated legislation
_zGreat Britain.
700 1 _aHalsbury, Hardinge Stanley Giffard,
_cEarl of,
_d1823-1921.
710 1 _aGreat Britain.
_tLaws, etc. (Halsbury's statutes : 4th ed.)
710 2 _aButterworths (Firm)
730 0 _aHalsbury's statutory instruments service.
730 0 _aHalsbury's statutory instruments citator.
906 _a7
_bcbc
_coclcrpl
_du
_encip
_f19
_gy-gencatlg
942 _2ddc
_cBK
999 _c3087
_d3087